00267nam a22001217a 4500003000400000020001800004082001700022100001700039245003600056260002600092300000800118650001900126SGT a9789348565174 a615.32bJAI  aJAIN SHWETA  aA TEXTBOOK OF PHARMACOGNOSY - I aINDIA bIP PUB c2025 a168 aPHARMACOGNOSY